Najlepszy Quiz Marvela - Statystyki

Ogólne statystyki
  • Ten quiz został rozwiązany 205 razy
  • Średni wynik to 9 z 18
Statystyki odpowiedzi
Pytanie??? Odpowiedź % Poprawnych
Ile jest filmów z serii Avengers? 4
94%
Czyje to słowa: "I'm always angry"? Bruce Banner / Hulk
92%
Najpotężniejszy Avenger to? Scarlet Witch / Thor
84%
Kto jest następcą Kapitana Ameryki? Sam Wilson / Falcon
83%
Kto wypowiedział te słowa: "I can do this all day"? Kapitan Ameryka
81%
Jak nazywał się młot Thora? Johnatan / Mjolnir
79%
Kto był ojcem Tony'ego Starka? Howard Stark
76%
Jak w Wakandzie nazywano Bucky'ego? Biały Wilk
57%
Ile było pocisków na początku filmu Deadpool? 12
56%
Jaki jest ulubiony superbohater z DC Stana Lee? Superman
50%
Jak Tony zawołał Spidermana podczas Civil War? Siusiumajtek / Underroots
48%
Kto jest Venomem? Eddie Brock
46%
Siostra Czarnej Wdowy to? Yelena Belova
33%
Jak nazywała się dziewczyna Cyclopsa z X-Menów? Jean Grey
26%
Gdzie odbywa się akcja serialu: Daredevil? Hell's Kitchen
23%
Nazywano tak iluzje Wandy w "WandaVision". Hex
15%
Kto jest głownym przeciwnikiem Thora w Thor Dark World? Malekitch
2%
Kogo pokonał Hulk podczas Ragnaroku? Wilka Fenrira
2%
Nie znaleziono quizów pasujących do podanych kryteriów
Rozkład punktacji
Procent ludzi z każdym wynikiem
Percentyl według liczby udzielonych odpowiedzi
Twoja historia wyników
Nie rozwiązałeś tego quizu